عرض عادي
عرض مارك
- Gray, Clifford F.
مدخل إسم شخص
001 - رقم الضبط
- حقل الضبط: 3942
003 - معرف رقم الضبط
- حقل الضبط: OSt
005 - تاريخ ووقت أخر عملية
- حقل الضبط: 20110907061140.0
008 - عناصر بيانات ثابتة الطول
- حقل تحكم ثابت الطول: 110907|||a|||||| | ||| d
040 ## - مصدر الفهرسة
- هيئة الفهرسة الأصلية: OSt
- وكالة الكتابة: OSt
100 ## - مدخل -- أسم شخص
- إسم شخص: Gray, Clifford F.
- عنوان العمل: Project management.
670 ## - بيانات المصدر موجوده
- الاستشهاد بالمصدر: Work cat.: (OSt)0: Larson, Erik W., 1952- 3937, Project management :, c2011.
